Investments

Uloženo v:
Podrobná bibliografie
Hlavní autor: Reilly, Frank K.
Médium: Kniha
Jazyk:Undetermined
Vydáno: Fort Worth, TX. The Dryden Press 1999
Témata:
Tagy: Přidat tag
Žádné tagy, Buďte první, kdo otaguje tento záznam!
Thư viện lưu trữ: Trung tâm Học liệu Trường Đại học Cần Thơ
LEADER 00561nam a2200193Ia 4500
001 CTU_129237
008 210402s9999 xx 000 0 und d
020 |c 600000 
082 |a 332.6 
082 |b R362 
100 |a Reilly, Frank K. 
245 0 |a Investments 
245 0 |c Frank K. Reilly and Edgar A. Norton 
260 |a Fort Worth, TX. 
260 |b The Dryden Press 
260 |c 1999 
650 |a Investments.,Investment analysis.,Đầu tư,Phân tích đàu tư 
904 |i Minh 
980 |a Trung tâm Học liệu Trường Đại học Cần Thơ